|
|
|
|
| LEADER |
01943nam a2200505 i 4500 |
| 001 |
nkc20162781051 |
| 003 |
CZ PrNK |
| 005 |
20160719083050.0 |
| 007 |
ta |
| 008 |
160301s2016 xr abcge 000 0dcze |
| 015 |
|
|
|a cnb002781051
|
| 020 |
|
|
|a 978-80-906314-1-0
|q (vázáno)
|
| 035 |
|
|
|a (OCoLC)953515833
|
| 040 |
|
|
|a OLA001
|b cze
|e rda
|
| 043 |
|
|
|a e-xr---
|b e-xr-kr
|2 czenas
|
| 072 |
|
7 |
|a 908(437)
|x Vlastivěda Česka a Slovenska
|2 Konspekt
|9 8
|
| 080 |
|
|
|a 94(437.313)
|2 MRF
|
| 080 |
|
|
|a 908(437.313)
|2 MRF
|
| 080 |
|
|
|a (048.8:082)
|2 MRF
|
| 100 |
1 |
|
|a Bureš, Michal,
|d 1980-
|7 ola2010548246
|4 aut
|
| 245 |
1 |
0 |
|a Hlavňov :
|b vesnice pod Hvězdou /
|c Michal Bureš a kolektiv
|
| 246 |
3 |
|
|a Vesnice pod Hvězdou - Hlavňov
|
| 250 |
|
|
|a 1. vydání
|
| 264 |
|
1 |
|a Police nad Metují :
|b Město Police nad Metují,
|c 2016
|
| 300 |
|
|
|a 308 stran :
|b ilustrace (převážně barevné), mapy, portréty, noty, faksimile ;
|c 31 cm +
|e 1 mapa (40 x 30 cm složeno na 30 x 20 cm) + 1 CD-ROM
|
| 336 |
|
|
|a text
|b txt
|2 rdacontent
|
| 336 |
|
|
|a kartografický obraz
|b cri
|2 rdacontent
|
| 336 |
|
|
|a statický obraz
|b sti
|2 rdacontent
|
| 337 |
|
|
|a bez média
|b n
|2 rdamedia
|
| 337 |
|
|
|a počítač
|b c
|2 rdamedia
|
| 338 |
|
|
|a svazek
|b nc
|2 rdacarrier
|
| 338 |
|
|
|a list
|b nb
|2 rdacarrier
|
| 338 |
|
|
|a počítačový disk
|b cd
|2 rdacarrier
|
| 500 |
|
|
|a 500 výtisků
|
| 504 |
|
|
|a Obsahuje bibliografie
|
| 651 |
|
7 |
|a Hlavňov (Police nad Metují, Česko)
|7 ge536455
|x dějiny
|2 czenas
|
| 651 |
|
7 |
|a Hlavňov (Police nad Metují, Česko)
|7 ge536455
|x vlastivěda
|2 czenas
|
| 651 |
|
9 |
|a Hlavňov (Police nad Metují, Czechia)
|x history
|2 eczenas
|
| 655 |
|
7 |
|a kolektivní monografie
|7 fd501537
|2 czenas
|
| 655 |
|
9 |
|a collective monographs
|2 eczenas
|
| 910 |
2 |
|
|a BOA001
|b 4-1369.245
|
| 990 |
|
|
|a BK
|
| 995 |
|
|
|a 01
|
| 991 |
|
|
|b 201606
|c NOV
|
| 996 |
6 |
|
|b 2610673677
|c 4-1369.245
|l MZK
|r Sklad / do 1 hodiny
|n 1
|p p.v.
|w 001566174
|u 000010
|a 1
|e BOA001
|j MZK50
|s P
|